| 000 | 00465nam a2200181Ia 4500 | ||
|---|---|---|---|
| 001 | 19635 | ||
| 005 | 20260306172707.0 | ||
| 008 | 260306t2008||||xx |||||||||||||| ||spa|| | ||
| 041 | _aESP | ||
| 082 |
_a340.7 _bR24 |
||
| 100 |
_aRamos Suyo, Juan Abraham, [1950-...] _eAUT |
||
| 245 | 0 |
_aElabore su tesis en derecho: _bpre y postgrado |
|
| 260 | _c2008 | ||
| 300 |
_a628 páginas : _cil., diagrs. |
||
| 650 | _aGEN | ||
| 654 | _aCDE | ||
| 942 |
_cLIB _dJUS _fJUS _2ddc _n |
||
| 999 |
_c19635 _d19635 |
||